000 03332nam a2200205Ia 4500
003 0
005 20250127105531.0
008 150126s9999 xx 000 0 und d
050 _aPHS HQ 518
_b.It88 2014
100 _aItchon, Ernest Ivan B.
245 4 _aThe relationship of family structure and social skills /
_cErnest Ivan B. Itchon.
260 _aLas Piñas City, Philippines :
_bSouthville International School and Colleges,
_c2014.
300 _a28 pages :
_billustration ;
_c28 cm.
504 _aIncludes bibliographical references.
520 _aThe research is all about finding out if there is a significant relationship between the family structure and the social skills of the respondents coming from the three different types of family structures (The Nuclear Family, The Single Parent Family and The EXtended Family). The researcher focused on mainly three questions to be answered: What is the family structure of the respondents? What is the level of Social Skills of the Respondents grouped according to Nuclear Family, Single Parent Family and Extended Family. Lastly, the researcher wanted to find out if there was a significant difference on the level of social skills of the respondents grouped according to their family structure. The researcher distributed questionnaires to 92 student in Grade 11 and tallied each questionnaire. After gathering the data, the researcher interpreted his data using the following statistical tools: Slovin’s formula, Percentage, Weighted Mean and ANOVA. The researcher then found out that majority of the respondents in grade 11 came from a Nuclear Family, followed by a single Parent family and then an Extended Family. The researcher was also able to to find out that the respondents level of Social Skills for a Nuclear Family and Single Parent Family are at a high level and researcher found out that the null hypothesis that there is no significant difference on the level of social skills of the respondents grouped according to their family structure is accepted. Therefore, the researcher concluded that Majority of the respondents came from Nuclear families, followed by Single parent families then Extended families. The researcher also concluded that respondents who come from a nuclear family can get along with others and create and maintain satisfying relationships, are able to understand the behavior of others and are capable of showing concern when a friend is having a hard time. Those respondents who came from a Single parent family have an easier time getting along with others and can create and maintain satisfying relationships , can interact with their peers in a positive way and can remain calm and relaxed with others and those respondents who come from an extended other people and can build rapport and easily find eye contact with other people. The researcher also concludes that there is no significant difference on the level of Social Skills of the Respondents grouped according to their family structures. The researcher recommends that if there are any similar researches to be conducted in the future, that they conduct their study on a wider area of respondents to validate the result of the present study.
650 _aFamily life.
650 _aFamily structure.
650 _aSocial skills.
942 _2lcc
_cPASS
999 _c278645
_d278645